00638nam a2200193Ia 4500008004100000020001500041041001200056082001600068100001600084245006700100250000800167260003700175300000900212650001400221700001400235942000700249999001500256952017300271221030s9999 xx 000 0 und d a8178080389 aEnglish a105.23bFol aJ. D. Foley 0aComputer Graphics - Principles & Practice Second Edition In C a2nd bPearson EducationaDelhic2005 a1174 aComputers aA. V. Dam cBK c1612d1612 pM 741g495.00l0o105.23 Folr2024-06-10 00:00:00w2022-10-30yBK003Print4070aMIETLIBbMIETLIBcBL-Academic Block- B, FL-2, CUP-1146, SH-5, R-5d2006-02-2810HMCA